Brit-ír ellentétek a XX. században az IRA tevékenységén keresztül

Elmentve itt :
Bibliográfiai részletek
Szerző: Komár Tünde
További közreműködők: Zalai Anita (Témavezető)
Dokumentumtípus: Szakdolgozat
Megjelent: 2002
Tárgyszavak:
Online Access:http://diploma.bibl.u-szeged.hu/89864
LEADER 00655nta a2200193 i 4500
001 dipl89864
005 20201201094808.0
008 201201s2002 hu om 0|| zxx d
040 |a SZTE Diploma Repozitórium  |b hun 
041 |a zxx 
100 1 |a Komár Tünde 
245 1 0 |a Brit-ír ellentétek a XX. században az IRA tevékenységén keresztül  |h [elektronikus dokumentum] /  |c Tünde Komár 
260 |c 2002 
650 4 |a Bölcsészettudományok 
650 4 |a Humanities 
650 4 |a History and archaeology 
650 4 |a History 
700 1 |a Zalai Anita  |e ths 
856 4 0 |u http://diploma.bibl.u-szeged.hu/id/eprint/89864/1/2002_komar_tunde.pdf  |z Dokumentum-elérés